=LDR 00000nam 2200000 4500 =001 NUTBA000000000005060 =005 20141017100839.0 =006 =007 =008 =035 ##$$a 0010-101400000000290 =082 ##$$a336.2 =100 ##$$aGATOT S.M. FAISAL =245 ##$$aHOE TO BE A SMARTER TAXPAYER =260 ##$$a JAKARTA $b GRAMEDIA WIDIASARANA INDONESIA $c 2009 =990 ##$$a 0001/BPAP-NTB/20142014